| LEADER | 00811nam a2200217 u 4500 | ||
|---|---|---|---|
| 001 | 10030597 | ||
| 003 | GR-PaULI | ||
| 005 | 20210128120858.0 | ||
| 008 | 991018s1989 gr p gre | ||
| 952 | |0 0 |1 0 |2 ddc |4 0 |6 889_134000000000000_ΠΑΜ |7 0 |9 322856 |a LISP |b LISP |c DON |d 2021-01-28 |e ΓΑΛ |i 145070 |l 0 |o 889.134 ΠΑΜ |p 025000271290 |r 2021-01-28 00:00:00 |t 1 |w 2021-01-28 |y BKN | ||
| 999 | |c 181467 |d 181467 | ||
| 020 | |a 9600401764 | ||
| 040 | |a GR-PaULI |c GR-PaULI |b gre |e AACR2 | ||
| 082 | 0 | 4 | |a 889.134 |2 23 |
| 100 | 1 | |a Παμπούδη, Παυλίνα, |d 1948- |9 79891 |e συγγραφέας. | |
| 245 | 1 | 2 | |a Ο ένοικος / |c Παυλίνα Παμπούδη. |
| 260 | |a [Αθήνα] : |b Κέδρος, |c [1989]. | ||
| 300 | |a 58 σ. ; |c 21 εκ. | ||
| 655 | 4 | |a Ποίηση | |
| 942 | |2 ddc |c BKN | ||
| 998 | |c ΜΠΟΥΡΑΣ |d 2021-01 | ||